| 000 | 00563nam a2200217Ia 4500 | ||
|---|---|---|---|
| 003 | OSt | ||
| 005 | 20220926042510.0 | ||
| 006 | a|||||r|||| 00| 0 | ||
| 007 | ta | ||
| 008 | 220923b |||||||| |||| 00| 0 eng d | ||
| 037 | _cGeneral Book | ||
| 040 |
_aRTL _cRTL _beng |
||
| 041 |
_2eng _aeng |
||
| 082 | _aT.2, F5 | ||
| 100 |
_aBeg Mirzayar Jung Sami Ullah _9346347 |
||
| 245 | 0 | _aEducational problems of India | |
| 260 | _c1925 | ||
| 650 | _aEducation | ||
| 942 |
_hT.2, F5 _cGB _2CC |
||
| 999 |
_c669889 _d669889 |
||